USA - prawda/fałsz - Statystyki

Ogólne statystyki
  • Ten quiz został rozwiązany 23 razy
  • Średni wynik to 5 z 10
Statystyki odpowiedzi
Zagadnienie Odpowiedź % Poprawnych
Największym miastem w USA jest Waszyngton Fałsz
100%
Na fladze USA znajduje się 50 gwiazdek Prawda
86%
USA jest największym państwem w całej Ameryce Fałsz
79%
Największym osiągnięciem w amerykańskiej piłce nożnej było zdobycie 3 miejsca na mistrzostwach świata Prawda
71%
USA jest największym mocarstwem nuklearnym Fałsz
57%
Największym partnerem handlowym Stanów Zjednoczonych są Chiny Fałsz
29%
Wodospady Niagara są najwyższe w całych Stanach Zjednoczonych Fałsz
29%
USA jest największym światowym producentem paliw kopalnianych Prawda
29%
Najczęściej odwiedzanym parkiem narodowym w Stanach Zjednoczonych jest Yellowstone Fałsz
7%
Najdłuższą rzeką w Stanach Zjednoczonych jest Missisipi Fałsz
0%
Nie znaleziono quizów pasujących do podanych kryteriów
Rozkład punktacji
Procent ludzi z każdym wynikiem
Percentyl według liczby udzielonych odpowiedzi
Twoja historia wyników
Nie rozwiązałeś tego quizu